| 000 | 02132cam a2200241 4500500 | ||
|---|---|---|---|
| 005 | 20260405001706.0 | ||
| 041 | _afre | ||
| 042 | _adc | ||
| 100 | 1 | 0 |
_aRozhanskiy, Mikhail _eauthor |
| 245 | 0 | 0 | _aReturning History: Soviet Generations’ Reactions to the War in Ukraine |
| 260 | _c2025. | ||
| 500 | _a49 | ||
| 520 | _aThe article examines the role of the two Soviet generations who grew up during the Khrushchev Thaw (Ottepel’) and Perestroika in making the Russian-Ukrainian war possible. Generational factors influencing support or rejection of government policies are considered. Based on long-term research on the generational history of the Soviet century and a corpus of interviews from the spring of 2022, the author demonstrates the importance of generational analysis in studying the trajectories of the evolution of Russia. The article also addresses the methodological problems of such analysis. | ||
| 520 | _aL’article examine le rôle de deux générations soviétiques – celles qui ont été adolescentes pendant le Dégel khrouchtchévien et celles qui l’ont été pendant la Perestroïka gorbatchévienne – dans le processus qui a rendu possible la guerre russo-ukrainienne. Il analyse les facteurs proprement générationnels qui expliquent le soutien ou le rejet de la politique du gouvernement. À partir d’études de longue durée sur l’histoire générationnelle du siècle soviétique et d’entretiens réalisés au printemps 2022, l’auteur démontre la nécessité d’une analyse générationnelle pour étudier les trajectoires de développement de la Russie. Il se penche également sur les questions méthodologiques que pose une telle analyse. | ||
| 690 | _a2022 war against Ukraine | ||
| 690 | _acontemporary Russia | ||
| 690 | _agenerations | ||
| 690 | _aRussian society | ||
| 690 | _aSoviet ideology | ||
| 690 | _aSoviet legacy | ||
| 786 | 0 | _nRevue d’études comparatives Est-Ouest | 55 | 2 | 2025-07-09 | p. 65-97 | 0338-0599 | |
| 856 | 4 | 1 | _uhttps://shs.cairn.info/revue-revue-detudes-comparatives-est-ouest-2025-1-page-65?lang=en&redirect-ssocas=7080 |
| 999 |
_c2050064 _d2050064 |
||